Spider-Man - 100 Rivals - Statistics

General Stats
  • This quiz has been taken 85 times
  • The average score is 54 of 100
Answer Stats
Picture Answer % Correct
Deadpool
95%
The Hulk
95%
Electro
94%
Green Goblin
94%
Sandman
94%
Carnage
92%
Doctor Octopus
92%
Human Torch
92%
The Lizard
92%
Doctor Doom
90%
Kingpin
90%
Rhino
90%
Black Cat
89%
The Punisher
89%
J. Jonah Jameson
87%
Kraven The Hunter
87%
Mysterio
87%
Venom
87%
Juggernaut
85%
Spot
85%
Mister Negative
84%
Scorpion
84%
The Shocker
84%
Mephisto
81%
The Vulture
81%
Bullseye
79%
Chameleon
79%
Hammerhead
79%
Morbius
79%
Taskmaster
77%
The Wasp
77%
Hydro Man
76%
Knull
76%
The Scarlet Spider
76%
Flash Thompson
73%
The Prowler
73%
Beetle
71%
Jack O' Lantern
71%
Scream
71%
Big Wheel
68%
Silver Sable
68%
Tombstone
68%
Jackal
65%
The Wall
61%
Molten Man
58%
Boomerang
55%
The Tinkerer
55%
Swarm
53%
The Hood
48%
White Rabbit
48%
Leap-Frog
47%
Man-Wolf
47%
Morlun
47%
Tarantula
45%
Toxin
45%
Doppelganger
44%
Panda-Mania
44%
The Enforcers
44%
Kangaroo
40%
The Burglar
40%
Demogoblin
39%
Vermin
39%
Agony
37%
Blood Rose
37%
Cardiac
37%
Puma
37%
Speed Demon
37%
Spider-Slayer
37%
Kaine
34%
Riot
34%
Calypso
32%
Shriek
32%
Silvermane
32%
Carrion
31%
Hypno-Hustler
31%
The Gibbon
31%
Lasher
29%
Skrewball
29%
Kindred
27%
Phage
26%
Chance
24%
The Eel
24%
Slyde
23%
Spidercide
23%
Stegron
23%
The Shroud
23%
Judas Traveller
21%
Solo
21%
The Crime Master
21%
The Looter
19%
Overdrive
18%
The Thousand
18%
El Muerte
16%
Joystick
16%
Foolkiller
15%
Shathra
15%
Annex
13%
Delilah
13%
Stunner
13%
Tracer
10%
No matching quizzes found
Score Distribution
Percent of People with Each Score
Percentile by Number Answered
Your Score History
You have not taken this quiz